000 00668nam a2200181 i 4500
001 21044
003 ES-MaACL
005 20251014063049.0
007 t|
008 021120s1893 sp ||||1| spa d
100 1 _aAgacino y Martínez, Eugenio,
_d1851-1924
_918526
245 1 0 _aColección de artículos sobre la construcción naval mercante en España
_b: publicados en la Revista de Navegación y Comercio /
_cpor Eugenio Agacino y Martínez.
260 _aCádiz :
_b[s.n.],
_c1893 (
_fTip. Gaditana)
300 _a49 p., [2] h. de gráf. ;
_c24 cm.
650 _aConstrucción naval.
_9136271
852 _aES-MaACL
_jT-718-F-9
999 _c21044
_d21044